Corrosion Control (Record no. 610852)

000 -LEADER
fixed length control field 00351nam a22001337a 4500
020 ## - INTERNATIONAL STANDARD BOOK NUMBER
International Standard Book Number 8179920488
040 ## - CATALOGING SOURCE
Transcribing agency Nust
082 ## - DEWEY DECIMAL CLASSIFICATION NUMBER
Classification number 620.1623
Author Mark COR
100 ## - MAIN ENTRY--PERSONAL NAME
Personal name Jaico Publishing
9 (RLIN) 125098
245 ## - TITLE STATEMENT
Title Corrosion Control
Remainder of title Principles $ Practice
260 ## - PUBLICATION, DISTRIBUTION, ETC.
Place of publication, distribution, etc. Mumbai;
Name of publisher, distributor, etc. Jaico Publishing House,
Date of publication, distribution, etc. 2003.
650 ## - SUBJECT ADDED ENTRY--TOPICAL TERM
Source of heading or term Corrosion Control
942 ## - ADDED ENTRY ELEMENTS (KOHA)
Source of classification or shelving scheme
Koha item type Book
Holdings
Withdrawn status Lost status Source of classification or shelving scheme Damaged status Not for loan Permanent Location Current Location Shelving location Date acquired Total Checkouts Full call number Barcode Date last seen Price effective from Koha item type
          College of Electrical & Mechanical Engineering (CEME) College of Electrical & Mechanical Engineering (CEME) General Stacks 08/12/2024   620.1623 COR CEME-39085 08/12/2024 08/12/2024 Book
© 2023 Central Library, National University of Sciences and Technology. All Rights Reserved.